[Event "OpenB"]
[Site "Caen"]
[Date "2011.08.25"]
[Round "9.7"]
[White "Lagarde, Dimitri"]
[Black "Hallay, Axel"]
[Result "1/2-1/2"]
[WhiteElo "1754"]
[BlackElo "1927"]
[PlyCount "85"]

1. e4 c5 2. Nf3 Nc6 3. d4 cxd4 4. Nxd4 Nf6 5. Nc3 e5 6. Ndb5 d6 7. Bg5 a6 8.
Na3 b5 9. Nd5 Be7 10. Bxf6 Bxf6 11. c4 b4 12. Nc2 a5 13. g3 g6 14. Nxf6+ Qxf6
15. Bg2 O-O 16. O-O Bb7 17. Qd3 Qe7 18. Rad1 Rad8 19. Qe2 Qc7 20. b3 Ne7 21.
Rd3 f5 22. Rfd1 Qc6 23. Qd2 Rf6 24. f4 Qc5+ 25. Qe3 Qxe3+ 26. Rxe3 Rff8 27.
exf5 Bxg2 28. Kxg2 Nxf5 29. Re4 exf4 30. Rxf4 Rde8 31. Rf2 h5 32. Rd5 Re5 33.
Rfd2 Rfe8 34. Kf3 Kf7 35. h3 g5 36. g4 hxg4+ 37. hxg4 Nh4+ 38. Kg3 Rxd5 39.
Rxd5 Re2 40. Nd4 Rg2+ 41. Kh3 Rxa2 42. Rxg5 Ng6 43. Rf5+ 1/2-1/2

[Event "OpenB"]
[Site "Caen"]
[Date "2011.08.25"]
[Round "9.8"]
[White "Lenoel, Marine"]
[Black "Veys, Vincent"]
[Result "1-0"]
[WhiteElo "1819"]
[BlackElo "1859"]
[PlyCount "101"]

1. e4 e5 2. Nf3 Nc6 3. Bc4 Nf6 4. d3 Be7 5. Nc3 d6 6. Be3 h6 7. h3 a6 8. Qe2 b5
9. Bb3 Bb7 10. a3 Na5 11. Ba2 c5 12. Nd2 Nc6 13. O-O O-O 14. Nd5 Nxd5 15. Bxd5
Kh8 16. Qh5 Kg8 17. f4 exf4 18. Rxf4 Bg5 19. Bxf7+ Kh8 20. Rf3 Bxe3+ 21. Rxe3
Qf6 22. Rf3 Qd4+ 23. Kh1 Ne5 24. c3 Qa4 25. Bb3 Qa5 26. Rg3 Rf2 27. Rd1 c4 28.
dxc4 bxc4 29. Nxc4 Nxc4 30. Qg6 Qe5 31. Bxc4 Bxe4 32. Qxd6 Qh5 33. Qd7 Qe5 34.
Qd6 Qh5 35. Qd8+ Rf8 36. Qd4 Rf6 37. Re1 Bc6 38. Qg4 Qxg4 39. Rxg4 Ra7 40. Re6
Rxe6 41. Bxe6 Re7 42. Bc4 Re1+ 43. Kh2 a5 44. Rg6 Bd7 45. Rd6 Bf5 46. Rd5 Be6
47. Rd8+ Kh7 48. Re8 Bxc4 49. Rxe1 Kg6 50. Kg3 Kf5 51. b4 1-0

[Event "OpenB"]
[Site "Caen"]
[Date "2011.08.25"]
[Round "9.9"]
[White "Malassagne, Raphael"]
[Black "N'Guyen, Emilien"]
[Result "1-0"]
[WhiteElo "1833"]
[BlackElo "1817"]
[PlyCount "63"]

1. Nf3 Nf6 2. d4 d5 3. Bf4 Bf5 4. e3 e6 5. c4 Bb4+ 6. Nc3 c6 7. Qb3 Bxc3+ 8.
bxc3 Qb6 9. Nd2 Nbd7 10. Bd6 Ne4 11. Nxe4 Bxe4 12. c5 Qxb3 13. axb3 Nf6 14. f3
Bg6 15. b4 Kd7 16. b5 Ne8 17. Bg3 Nc7 18. bxc6+ Kxc6 19. Kd2 b6 20. cxb6 axb6
21. Be2 Nb5 22. c4 dxc4 23. Bxc4 Na3 24. Bb3 Kb5 25. Rhc1 Rhd8 26. Be5 Kb4 27.
Ba2 Nb5 28. Rc4+ Ka3 29. Rc6 Kb2 30. d5+ Ka3 31. e4 Ra5 32. Bc4+ 1-0

[Event "OpenB"]
[Site "Caen"]
[Date "2011.08.25"]
[Round "9.10"]
[White "Civit, Pierre"]
[Black "Elice, Florent"]
[Result "1/2-1/2"]
[WhiteElo "1922"]
[BlackElo "1991"]
[PlyCount "38"]

1. c4 d6 2. Nc3 e5 3. g3 g6 4. Bg2 Bg7 5. e3 Nc6 6. Nge2 Nge7 7. a3 Bg4 8. b4
Qd7 9. b5 Nd8 10. Qa4 c6 11. d3 Bxe2 12. bxc6 bxc6 13. Nxe2 O-O 14. O-O Ne6 15.
Bb2 Rab8 16. Rab1 Qc7 17. Bc3 Nc5 18. Qc2 Ne6 19. d4 exd4 1/2-1/2

[Event "OpenB Caen"]
[Site "?"]
[Date "2011.08.26"]
[Round "10.1"]
[White "Garnier, Teddy"]
[Black "Dubois, Pierre"]
[Result "1/2-1/2"]
[WhiteElo "1932"]
[BlackElo "1946"]
[PlyCount "45"]
[EventDate "2011.09.04"]
[SourceDate "2011.09.04"]

1. e4 e5 2. Nf3 Nc6 3. Nc3 Nf6 4. d4 exd4 5. Nxd4 Bb4 6. Nxc6 bxc6 7. Bd3 d5 8.
exd5 cxd5 9. O-O O-O 10. Bg5 c6 11. Na4 h6 12. Bh4 Bd7 13. c3 Bd6 14. b4 Re8
15. Nc5 Bxc5 16. bxc5 Qe7 17. Qd2 Ne4 18. Bxe7 Nxd2 19. Rfe1 Be6 20. Bd6 Nc4
21. Bxc4 dxc4 22. Re3 f6 23. Rae1 1/2-1/2

[Event "OpenB Caen"]
[Site "?"]
[Date "2011.08.26"]
[Round "10.2"]
[White "Lenoel, Maxime"]
[Black "Vigneron, Quentin"]
[Result "*"]
[WhiteElo "1819"]
[BlackElo "1994"]
[PlyCount "111"]
[EventDate "2011.09.04"]
[SourceDate "2011.09.04"]

1. e4 c5 2. Nc3 Nc6 3. g3 g6 4. Bg2 Bg7 5. d3 d6 6. f4 e6 7. Be3 Nge7 8. Nge2
O-O 9. O-O Rb8 10. Qd2 b6 11. d4 cxd4 12. Nxd4 Na5 13. Qe2 a6 14. Nd1 Qc7 15.
c3 b5 16. Rc1 Nc4 17. Bf2 Bb7 18. Ne3 Rfc8 19. Nxc4 Qxc4 20. Qxc4 bxc4 21. Rfe1
Nc6 22. Bf1 Nxd4 23. Bxd4 e5 24. fxe5 dxe5 25. Ba7 Ra8 26. Bf2 f5 27. exf5 gxf5
28. b3 Bd5 29. Red1 Bf7 30. b4 a5 31. b5 a4 32. b6 Rab8 33. Rb1 e4 34. b7 Rc7
35. Ba7 Rbxb7 36. Rxb7 Rxb7 37. Rd8+ Be8 38. Bxc4+ Kf8 39. Bc5+ Re7 40. Bb5 Kf7
41. Bxe7 Bxb5 42. Bb4 e3 43. Rd5 Bc4 44. Rxf5+ Kg6 45. Rf4 Bxa2 46. Re4 Bh6 47.
c4 Kf5 48. Rd4 a3 49. c5 Be6 50. Kf1 a2 51. Bc3 Kg6 52. Ra4 Bf8 53. Bd4 Bd5 54.
Ke2 Bc6 55. Ra6 Bxc5 56. Rxc6+ *

[Event "OpenB Caen"]
[Site "?"]
[Date "2011.08.26"]
[Round "10.3"]
[White "Legoupil, Benoit"]
[Black "Houlgate, Anthony"]
[Result "1/2-1/2"]
[WhiteElo "1823"]
[BlackElo "1969"]
[PlyCount "88"]
[EventDate "2011.09.04"]
[SourceDate "2011.09.04"]

1. e4 c5 2. Nc3 Nc6 3. f4 d6 4. Nf3 g6 5. Bc4 Bg7 6. O-O e6 7. Qe1 Nge7 8. d3
O-O 9. Qg3 d5 10. Bb3 a6 11. a4 b6 12. Ne2 dxe4 13. dxe4 Na5 14. Nh4 Nxb3 15.
Qxb3 Bf6 16. Nf3 Bb7 17. Ng3 Rc8 18. c3 Qc7 19. Be3 Qc6 20. Rfd1 Rfd8 21. Rxd8+
Rxd8 22. Rd1 Qc7 23. Rxd8+ Qxd8 24. Bxc5 Nc8 25. Bd4 Bxd4+ 26. cxd4 Qd6 27. e5
Qd7 28. Qc4 Bd5 29. Qc3 Ne7 30. b3 Nc6 31. Nd2 Kg7 32. Ngf1 Ne7 33. Ne3 Bb7 34.
Kf2 Nd5 35. Nxd5 Qxd5 36. Nf3 Bc6 37. Qc2 Qd7 38. Ke3 Bxf3 39. gxf3 Qe7 40. Qc6
Qb4 41. Qc4 Qe1+ 42. Qe2 Qc3+ 43. Qd3 Qe1+ 44. Qe2 Qc3+ 1/2-1/2

[Event "OpenB Caen"]
[Site "?"]
[Date "2011.08.26"]
[Round "10.4"]
[White "Doucet, Antoine"]
[Black "Bombail, Leonard"]
[Result "0-1"]
[WhiteElo "1840"]
[BlackElo "1728"]
[PlyCount "122"]
[EventDate "2011.09.04"]
[SourceDate "2011.09.04"]

1. d4 Nf6 2. c4 g6 3. Nc3 Bg7 4. e4 d6 5. f4 O-O 6. Nf3 c5 7. d5 e6 8. dxe6
Bxe6 9. Bd3 Re8 10. O-O Nc6 11. a3 Na5 12. Ng5 Bc8 13. f5 a6 14. fxg6 fxg6 15.
Nf3 b5 16. cxb5 c4 17. Bc2 Qb6+ 18. Kh1 axb5 19. Nxb5 Qxb5 20. Ba4 Qc5 21. Bxe8
Nxe8 22. Be3 Qc6 23. Bd4 Nb3 24. Bxg7 Nxg7 25. Nd4 Qxe4 26. Nxb3 cxb3 27. Qxd6
Bb7 28. Qd2 Nf5 29. Rf4 Qc2 30. Rf2 Rc8 31. Qf4 Qe4 32. Qxe4 Bxe4 33. Kg1 Nd6
34. a4 Rc6 35. a5 Ra6 36. Rf6 Kg7 37. Raf1 Bf5 38. R6xf5 Nxf5 39. Rf4 Rxa5 40.
Rb4 Rd5 41. Rxb3 Rd2 42. Rb7+ Kh6 43. b4 Nh4 44. Rf7 Rxg2+ 45. Kh1 Rb2 46. Kg1
Rxb4 47. Kf2 Rb2+ 48. Kg3 Nf5+ 49. Kh3 Re2 50. Rf8 Kg5 51. Ra8 h5 52. Ra4 Nh6
53. Ra5+ Kf4 54. Ra6 g5 55. Ra4+ Re4 56. Ra2 Ng4 57. Kg2 Ne3+ 58. Kh3 Nd1 59.
Rd2 Kf3 60. Rd3+ Ne3 61. Rd4 g4+ 0-1

[Event "OpenB Caen"]
[Site "?"]
[Date "2011.08.26"]
[Round "10.5"]
[White "Sally, Paul Adrien"]
[Black "Lagarde, Dimitri"]
[Result "1/2-1/2"]
[WhiteElo "1979"]
[BlackElo "1754"]
[PlyCount "60"]
[EventDate "2011.09.04"]
[SourceDate "2011.09.04"]

1. c3 Nf6 2. Nf3 g6 3. d4 Bg7 4. Bf4 O-O 5. e3 d6 6. h3 b6 7. Nbd2 Bb7 8. Qc2
Nbd7 9. Be2 c5 10. O-O Re8 11. Rfd1 Nd5 12. Bh2 e5 13. Nc4 Qc7 14. a4 Rac8 15.
dxe5 Nxe5 16. Na3 Qe7 17. Rd2 Nf6 18. Nxe5 dxe5 19. Rad1 Ba8 20. Nb5 Rf8 21.
Qb3 Bc6 22. Nd6 Rc7 23. Bb5 Bxb5 24. Qxb5 Kh8 25. f3 Rd7 26. Nc4 Rfd8 27. Rxd7
Rxd7 28. Rxd7 Nxd7 29. Qc6 Nf8 30. Kf2 Qh4+ 1/2-1/2

[Event "OpenB Caen"]
[Site "?"]
[Date "2011.08.26"]
[Round "10.6"]
[White "Hallay, Axel"]
[Black "Malassagne, Raphael"]
[Result "1/2-1/2"]
[WhiteElo "1927"]
[BlackElo "1833"]
[PlyCount "199"]
[EventDate "2011.09.04"]
[SourceDate "2011.09.04"]

1. a3 Nf6 2. c4 c5 3. g3 e6 4. Bg2 Nc6 5. Nf3 Be7 6. Nc3 d5 7. cxd5 Nxd5 8. O-O
O-O 9. Qc2 b6 10. Nxd5 exd5 11. d4 Nxd4 12. Nxd4 cxd4 13. Rd1 Bf6 14. e3 Bg4
15. f3 Rc8 16. Qf2 dxe3 17. Bxe3 Bf5 18. Rd2 Re8 19. Rad1 Be6 20. f4 Bg4 21.
Bf3 Bxf3 22. Qxf3 Qe7 23. Bd4 Bxd4+ 24. Rxd4 Rc2 25. Rxd5 Qe1+ 26. Rxe1 Rxe1+
27. Qf1 Rxf1+ 28. Kxf1 Kf8 29. Rd7 Rxb2 30. Rxa7 Rxh2 31. Rb7 Ra2 32. Rxb6 Rxa3
33. Kg2 Re3 34. Rb7 f6 35. Kf2 Re7 36. Rb5 g6 37. g4 Kf7 38. Kf3 Rc7 39. f5
Rc3+ 40. Kg2 gxf5 41. Rxf5 Kg6 42. Ra5 Re3 43. Kf2 Rb3 44. Kg2 h6 45. Kf2 Rc3
46. Rb5 Ra3 47. Rc5 Ra2+ 48. Kf3 Rh2 49. Kf4 Rf2+ 50. Ke3 Rf1 51. Ra5 Re1+ 52.
Kf3 Re5 53. Ra7 Rb5 54. Kg3 h5 55. gxh5+ Rxh5 56. Kf4 Rh4+ 57. Kg3 Re4 58. Kf3
Rb4 59. Ra8 Kg5 60. Rg8+ Kf5 61. Rf8 Rb3+ 62. Kf2 Ke5 63. Ra8 Kf4 64. Ra4+ Kg5
65. Ra1 f5 66. Ke2 Kg4 67. Ra8 Rb2+ 68. Kf1 f4 69. Ra3 Rh2 70. Kg1 Rb2 71. Kf1
Rc2 72. Rb3 Rc1+ 73. Kf2 Ra1 74. Kg2 Re1 75. Kf2 Rd1 76. Ra3 Rd2+ 77. Kf1 Rd8
78. Kf2 Rh8 79. Kg2 Rh7 80. Rb3 Rf7 81. Rb4 Re7 82. Ra4 Re2+ 83. Kf1 Re3 84.
Kf2 Rb3 85. Ra2 Rh3 86. Ra8 Rh2+ 87. Kg1 Re2 88. Ra3 Re3 89. Ra2 Kf3 90. Rf2+
Ke4 91. Ra2 Kf3 92. Rf2+ Kg4 93. Ra2 Rf3 94. Kg2 Rg3+ 95. Kf2 Re3 96. Rb2 Rh3
97. Rb8 Rh2+ 98. Kg1 Ra2 99. Rb3 f3 100. Rb8 1/2-1/2

[Event "OpenB Caen"]
[Site "?"]
[Date "2011.08.26"]
[Round "10.7"]
[White "Collette, Gilles"]
[Black "Masset, Jacques"]
[Result "0-1"]
[WhiteElo "1895"]
[BlackElo "1972"]
[PlyCount "100"]
[EventDate "2011.09.04"]
[SourceDate "2011.09.04"]

1. e4 Nc6 2. Nc3 Nf6 3. d4 d6 4. Bg5 g6 5. f3 Bg7 6. Qd2 h6 7. Be3 e5 8. d5 Ne7
9. O-O-O g5 10. g3 Ng6 11. Bb5+ Bd7 12. Bxd7+ Qxd7 13. Nge2 a6 14. Rdf1 O-O-O
15. g4 Nf4 16. h4 Rdg8 17. hxg5 hxg5 18. Ng3 Qd8 19. Nf5 Nd7 20. Na4 Rxh1 21.
Rxh1 Rh8 22. Rh2 Bf6 23. c4 b6 24. Ng3 Nd3+ 25. Kb1 Rxh2 26. Qxh2 Nf8 27. Qd2
Nf4 28. b4 Qe8 29. Nc3 N8g6 30. Nh5 Bd8 31. Qf2 Qh8 32. Nxf4 exf4 33. Bd4 Qh1+
34. Kb2 Nh4 35. e5 Qxf3 36. exd6 Qxf2+ 37. Bxf2 cxd6 38. Ne4 Kd7 39. Kc3 Nf3
40. Bd4 Nh4 41. Nf2 f5 42. gxf5 g4 43. Kd3 g3 44. Nh3 f3 45. f6 Bxf6 46. Bxb6
Ng6 47. c5 Be7 48. c6+ Kc8 49. Bd4 f2 50. Ke2 Bh4 0-1

[Event "OpenB Caen"]
[Site "?"]
[Date "2011.08.26"]
[Round "10.8"]
[White "Leveque, Guillaume"]
[Black "Renaux, Osmin"]
[Result "0-1"]
[WhiteElo "1912"]
[BlackElo "1964"]
[PlyCount "102"]
[EventDate "2011.09.04"]
[SourceDate "2011.09.04"]

1. e4 c5 2. Nf3 Nc6 3. d4 cxd4 4. Nxd4 e5 5. Nb5 d6 6. N1c3 Nf6 7. Bg5 a6 8.
Bxf6 gxf6 9. Na3 b5 10. Nd5 Bg7 11. Bd3 Ne7 12. Qf3 Nxd5 13. exd5 Qd7 14. c3 f5
15. Qe2 O-O 16. Rd1 e4 17. Bb1 f4 18. Qh5 Qg4 19. Qxg4 Bxg4 20. Bxe4 b4 21. Nc4
Bxd1 22. Kxd1 bxc3 23. bxc3 f5 24. Bf3 Rfd8 25. Kc2 Rac8 26. Kd3 Rc5 27. Rb1
Be5 28. Rb4 a5 29. Ra4 Rdc8 30. g4 fxg3 31. hxg3 Kf7 32. Bg2 Ke7 33. f4 Bf6 34.
Bf3 R8c7 35. Bg2 Rc8 36. Bf3 Rb8 37. Rxa5 Rxa5 38. Nxa5 Ra8 39. Nc6+ Kd7 40.
Bg2 Rg8 41. Bf3 Rxg3 42. Ke3 Bxc3 43. a4 Rg1 44. Kd3 Rg3 45. Ke3 Bd2+ 46. Kf2
Bxf4 47. a5 Kc7 48. Nd4 Be5 49. Nxf5 Rg5 50. Ne7 Bd4+ 51. Ke2 Re5+ 0-1

[Event "OpenB Caen"]
[Site "?"]
[Date "2011.08.26"]
[Round "10.9"]
[White "Aumont, Alexandre"]
[Black "Roussey, Quentin"]
[Result "0-1"]
[WhiteElo "1960"]
[BlackElo "1837"]
[PlyCount "82"]
[EventDate "2011.09.04"]
[SourceDate "2011.09.04"]

1. f4 d5 2. Nf3 Nf6 3. g3 g6 4. Bg2 Bg7 5. O-O O-O 6. d3 c5 7. c3 Nc6 8. Na3 a6
9. Nc2 Re8 10. Qe1 d4 11. c4 Qd6 12. Rb1 e5 13. fxe5 Nxe5 14. Bf4 Nh5 15. Nxe5
Bxe5 16. Bxe5 Qxe5 17. Bf3 Rb8 18. Qf2 Ng7 19. b4 b6 20. bxc5 bxc5 21. Rxb8
Qxb8 22. Bd5 Be6 23. Bxe6 fxe6 24. Qf7+ Kh8 25. g4 Rg8 26. Qe7 Qb2 27. Rf8 h6
28. Rxg8+ Kxg8 29. Qxc5 Qxc2 30. Kf2 Qxa2 31. Qxd4 Qa5 32. Qe4 Kh7 33. d4 Qc7
34. h4 Qh2+ 35. Ke3 Qxh4 36. d5 Qg3+ 37. Kd4 Qd6 38. c5 Qxd5+ 39. Qxd5 exd5 40.
c6 Ne8 41. Kxd5 Kg7 0-1

[Event "OpenB"]
[Site "Caen"]
[Date "2011.08.27"]
[Round "11.1"]
[White "Dubois, Pierre"]
[Black "Lenoel, Marine"]
[Result "0-1"]
[WhiteElo "1946"]
[BlackElo "1819"]
[PlyCount "96"]

1. e4 e5 2. Nf3 Nc6 3. Bc4 Bc5 4. c3 d6 5. d4 exd4 6. cxd4 Bb6 7. Be3 Nge7 8.
Nc3 O-O 9. h3 Na5 10. Bd3 f5 11. Qd2 fxe4 12. Nxe4 Bf5 13. O-O d5 14. Ng3 Bxd3
15. Qxd3 Ng6 16. Ng5 Qf6 17. h4 h6 18. h5 hxg5 19. hxg6 Nc6 20. f4 Bxd4 21. f5
Bxe3+ 22. Qxe3 Qd4 23. Qxd4 Nxd4 24. Rad1 c5 25. Rde1 Rae8 26. Rxe8 Rxe8 27.
Nh5 Re7 28. f6 gxf6 29. Rxf6 Ne2+ 30. Kf2 Nf4 31. Nxf4 gxf4 32. Rxf4 Kg7 33.
Rf5 Rd7 34. Rg5 Kf6 35. Rg3 d4 36. Ke2 b5 37. Rb3 a6 38. a4 c4 39. Rb4 Rd5 40.
b3 c3 41. Kd3 Kxg6 42. axb5 axb5 43. g3 Kf5 44. g4+ Kxg4 45. Ke4 Rd7 46. Kd3
Kf4 47. Rxb5 Rc7 48. Kc2 d3+ 0-1

[Event "OpenB"]
[Site "Caen"]
[Date "2011.08.27"]
[Round "11.2"]
[White "Bombail, Leonard"]
[Black "Garnier, Teddy"]
[Result "1/2-1/2"]
[WhiteElo "1728"]
[BlackElo "1932"]
[PlyCount "116"]

1. e3 c5 2. b3 d5 3. Bb2 Nc6 4. Bb5 Qc7 5. f4 Nf6 6. Nf3 g6 7. c4 a6 8. Bxc6+
Qxc6 9. Ne5 Qd6 10. O-O Bg7 11. cxd5 Qxd5 12. Nc3 Qd6 13. a4 Be6 14. Ba3 Qb6
15. Rb1 a5 16. Nb5 Nd5 17. Rc1 Rc8 18. Nc4 Qd8 19. Qf3 O-O 20. Rfd1 Nf6 21.
Qxb7 Qd3 22. Rc3 Qf5 23. Qf3 Bd5 24. Qe2 Nd7 25. Rcc1 Ba8 26. Nxa5 g5 27. Rf1
Kh8 28. d3 gxf4 29. Rxf4 Qe6 30. Nc4 Rg8 31. e4 Bh6 32. Bb2+ f6 33. Rcf1 Bxf4
34. Rxf4 Rg5 35. Rf2 Rcg8 36. Qf3 Ne5 37. Bxe5 fxe5 38. Nc7 Qc8 39. Nxa8 Qxa8
40. Qf7 Qd8 41. Qd5 Qxd5 42. exd5 Rb8 43. Rb2 Rg4 44. Kf2 Rd4 45. Nxe5 Rxd5 46.
Nc6 Rb6 47. Na7 Rxd3 48. Nb5 Kg7 49. Ke2 Rd8 50. Rc2 Re6+ 51. Kf2 Rf8+ 52. Kg3
Re3+ 53. Kg4 Rxb3 54. Rxc5 Rb4+ 55. Kh3 Rxa4 56. Nc7 Kg6 57. Re5 Kf6 58. Re3 e5
1/2-1/2

[Event "OpenB"]
[Site "Caen"]
[Date "2011.08.27"]
[Round "11.3"]
[White "Lagarde, Dimitri"]
[Black "Legoupil, Benoit"]
[Result "0-1"]
[WhiteElo "1754"]
[BlackElo "1823"]
[PlyCount "134"]

1. e4 e5 2. Nf3 Nc6 3. Bb5 a6 4. Ba4 Qf6 5. c3 b5 6. Bc2 Bc5 7. O-O d6 8. h3 h6
9. Nh2 g5 10. Qf3 Qxf3 11. Nxf3 Nge7 12. b4 Bb6 13. a4 bxa4 14. Bxa4 O-O 15. d3
f5 16. Be3 fxe4 17. Bxb6 cxb6 18. dxe4 Bxh3 19. Nxe5 Nxe5 20. gxh3 Rf3 21. Kg2
N7g6 22. Bd1 Nf4+ 23. Kg1 Nxh3+ 24. Kg2 Nf4+ 25. Kg1 Rh3 26. f3 Neg6 27. Na3
Rc8 28. Nb1 Ra8 29. Na3 Ne5 30. Nb5 Kh7 31. Nxd6 Rd8 32. Nf5 Rd2 33. Rf2 Rh1+
34. Kxh1 Rxf2 35. Nd4 Rf1+ 36. Kh2 Nc4 37. Rb1 Ne3 38. Bc2 Rf2+ 39. Kg1 Rg2+
40. Kh1 Nxc2 41. Rb2 Nxd4 42. Rxg2 Nxg2 43. Kxg2 Nc6 44. Kf2 Kg7 45. Kg3 Kf6
46. f4 gxf4+ 47. Kxf4 Ne5 48. Ke3 h5 49. Kd4 h4 50. Ke3 h3 51. Kf2 h2 52. Kg2
Ng4 53. Kh1 Ke5 54. Kg2 Kxe4 55. Kh1 Kd3 56. Kg2 Kxc3 57. Kh1 Kxb4 58. Kg2 a5
59. Kh1 a4 60. Kg2 a3 61. Kh1 a2 62. Kg2 a1=Q 63. Kg3 Qg1+ 64. Kf4 h1=Q 65. Kf5
Qd5+ 66. Kf4 Qe3+ 67. Kxg4 Qdg5# 0-1

[Event "OpenB"]
[Site "Caen"]
[Date "2011.08.27"]
[Round "11.4"]
[White "Houlgate, Anthony"]
[Black "Vigneron, Quentin"]
[Result "1/2-1/2"]
[WhiteElo "1969"]
[BlackElo "1994"]
[PlyCount "71"]

1. e4 c5 2. Nf3 e6 3. d4 cxd4 4. Nxd4 Nc6 5. Nc3 a6 6. Be2 d6 7. O-O Nf6 8. Be3
Be7 9. f4 O-O 10. a4 Bd7 11. Bf3 Rc8 12. Nce2 Qc7 13. c3 e5 14. Nxc6 Bxc6 15.
Qc2 d5 16. exd5 Nxd5 17. Bxd5 Bxd5 18. fxe5 Qxe5 19. Bd4 Bc5 20. Rf5 Bxd4+ 21.
Nxd4 Qxd4+ 22. cxd4 Rxc2 23. Rxd5 Rxb2 24. Rd7 Rc8 25. h3 h6 26. Rf1 Rcc2 27.
Rfxf7 Rxg2+ 28. Kf1 b5 29. axb5 axb5 30. Rb7 Kh8 31. Rxb5 Rxb5 32. Kxg2 Rd5 33.
Rf4 g5 34. Re4 Kg7 35. h4 Kf6 36. hxg5+ 1/2-1/2

[Event "OpenB"]
[Site "Caen"]
[Date "2011.08.27"]
[Round "11.5"]
[White "Masset, Jacques"]
[Black "Hallay, Axel"]
[Result "1/2-1/2"]
[WhiteElo "1978"]
[BlackElo "1927"]
[PlyCount "81"]

1. d4 Nf6 2. Nf3 e6 3. c4 b6 4. g3 Ba6 5. b3 Bb4+ 6. Bd2 Be7 7. Bg2 c6 8. O-O
d5 9. Ne5 Nfd7 10. Nxd7 Nxd7 11. Qc2 Bf6 12. Bc3 Rc8 13. Nd2 b5 14. Bb2 O-O 15.
c5 b4 16. Rfe1 e5 17. e3 exd4 18. exd4 Re8 19. Bh3 Rc7 20. Nf3 g6 21. Rxe8+
Qxe8 22. Re1 Qf8 23. Qd2 Bc8 24. Qxb4 Nxc5 25. Bxc8 Rxc8 26. Bc3 Ne6 27. Qa4
Qd8 28. Ne5 Qb6 29. Bb2 Bg7 30. Rc1 Nd8 31. Nd7 Qc7 32. Nc5 Ne6 33. Nxe6 fxe6
34. b4 Qb6 35. b5 Qb7 36. Qb3 cxb5 37. Rxc8+ Qxc8 38. Qxb5 Kf7 39. h3 Qe8 40.
Qb7+ Qe7 41. Qa6 1/2-1/2

[Event "OpenB"]
[Site "Caen"]
[Date "2011.08.27"]
[Round "11.6"]
[White "Renaux, Osmin"]
[Black "Doucet, Antoine"]
[Result "0-1"]
[WhiteElo "1964"]
[BlackElo "1840"]
[PlyCount "52"]

1. d4 d5 2. Nf3 Nc6 3. c4 Bg4 4. Ne5 Nxe5 5. dxe5 dxc4 6. Qc2 Qd5 7. e4 Qxe5 8.
Bxc4 e6 9. Be3 Bb4+ 10. Nc3 c6 11. O-O Bc5 12. Bd2 Nf6 13. Na4 Bd6 14. f4 Qd4+
15. Kh1 Nxe4 16. Be1 Bf5 17. Bd3 Ng3+ 18. Bxg3 Bxd3 19. Qd1 Qe4 20. Re1 Qd4 21.
Re2 O-O-O 22. Rd2 Bxf4 23. Bxf4 Qxf4 24. Nc5 Be4 25. Rd7 Bxg2+ 26. Kxg2 Qg5+
0-1

[Event "OpenB"]
[Site "Caen"]
[Date "2011.08.27"]
[Round "11.7"]
[White "Malassagne, Raphael"]
[Black "Mohnblatt, Daniel"]
[Result "1-0"]
[WhiteElo "1833"]
[BlackElo "1893"]
[PlyCount "47"]

1. d4 Nf6 2. Bf4 e6 3. e3 c5 4. c3 Nc6 5. Nd2 d5 6. Ngf3 Be7 7. Bd3 b6 8. Ne5
Nxe5 9. dxe5 Nd7 10. Qg4 g5 11. e4 h5 12. Qg3 gxf4 13. Qg7 Rf8 14. exd5 Nxe5
15. Qxe5 Qxd5 16. Bb5+ Bd7 17. Bxd7+ Qxd7 18. O-O-O O-O-O 19. Nc4 Qc7 20. Qxh5
Rd5 21. Rxd5 exd5 22. Qxd5 b5 23. Ne5 Qd8 24. Qa8+ 1-0

[Event "OpenB"]
[Site "Caen"]
[Date "2011.08.27"]
[Round "11.9"]
[White "Gey, Marc-Emile"]
[Black "Sally, Paul-Adrien"]
[Result "1/2-1/2"]
[WhiteElo "1847"]
[BlackElo "1979"]
[PlyCount "60"]

1. d4 Nf6 2. Nf3 g6 3. g3 Bg7 4. c4 O-O 5. Bg2 d6 6. O-O Nbd7 7. Nc3 Re8 8. e4
e5 9. dxe5 dxe5 10. h3 c6 11. Be3 Qc7 12. Qc2 Nf8 13. Rfd1 Be6 14. b3 Rad8 15.
c5 h6 16. Rxd8 Rxd8 17. Rd1 Rxd1+ 18. Qxd1 Qa5 19. Qd2 N6d7 20. Na4 Qxd2 21.
Nxd2 f5 22. Bf1 Kf7 23. Bc4 Nf6 24. f3 fxe4 25. Bxe6+ Nxe6 26. Nxe4 Nxe4 27.
fxe4 h5 28. Nb2 Bf8 29. Nd3 Kf6 30. Kf2 Nd8 1/2-1/2

[Event "OpenB"]
[Site "Caen"]
[Date "2011.08.27"]
[Round "11.10"]
[White "Belardello, Mario-Jovani"]
[Black "Desanlis, Anne-Sophie"]
[Result "1/2-1/2"]
[WhiteElo "1877"]
[BlackElo "1941"]
[PlyCount "85"]

1. Nf3 d5 2. d4 Nf6 3. g3 g6 4. Bg2 Bg7 5. c4 O-O 6. O-O dxc4 7. Ne5 c6 8. Nxc4
Bf5 9. Nc3 Nbd7 10. e4 Bg4 11. f3 Be6 12. d5 cxd5 13. exd5 Nb6 14. dxe6 Nxc4
15. exf7+ Rxf7 16. Qe2 Nd6 17. Rd1 Kh8 18. Be3 Qa5 19. a3 Nf5 20. Bf2 e5 21. b4
Qc7 22. Nb5 Qe7 23. Bc5 Qe8 24. Bh3 a6 25. Bxf5 axb5 26. Bh3 Nd7 27. Rxd7 Rxd7
28. Bxd7 Qxd7 29. Rd1 Qf5 30. Rd3 h6 31. Kg2 Qf7 32. Qd2 Qc4 33. Rc3 Qe6 34.
Qe2 e4 35. Re3 exf3+ 36. Qxf3 Qa2+ 37. Kh3 Qc4 38. Re4 Qc1 39. Re3 Qc4 40. Re4
Qa2 41. Re3 Qc4 42. Re7 Rf8 43. Qe2 1/2-1/2